000
00254nam a2200097Ia 4500
008
230915s9999 xx 000 0 und d
050
_a
TL 574 .S7 N45 1998
100
_a
NELSON ROBERT C.
245
0
_a
FLIGHT STABILITY AND AUTOMATIC CONTROL
942
_c
BK
999
_c
205326
_d
205326